00624nam a2200205 a 450000500170000000800410001701000130005802000250007103500130009603700150010904000180012408200060014210000240014824500810017226000280025327000720028130000320035365000150038570000180040020090907114819.0060731s1999 nyua b 000 0 eng d aB-357080 c60.00a9788126419227 aB-357080 bDBAD / PUB adplbEnglish  aS aGeorge, Shwetha E.  aFolktales Panna /cretold by Shwetha E. George; illustrated by Minesh Kumar  aKeralabDC Books c2008 aDC Kizhakemuri Edam, Good Shepherd Street, KottayambKeralae686001 a29p.:c22cm(pbk) bcol. ill 2Folktales  aMinesh Kumar